Loading...
| History - Other | 0 | 4 | 0 | 0 | 40 | 57 | 75.25 | 1 | 4 | 15.64 | 31.33 |
| History - American | 0 | 2 | 0 | 0 | 20 | 62 | 76.50 | 0 | 0 | 8.34 | 5.83 |
| Literature - World | 0 | 2 | 0 | 0 | 20 | 46 | 68.00 | 0 | 2 | 10.02 | 10.67 |
| History - World | 0 | 2 | 1 | 0 | 15 | 41 | 51.50 | 1 | 2 | 12.03 | 19.00 |
| Mythology | 0 | 2 | 1 | 0 | 15 | 85 | 91.00 | 0 | 0 | 5.68 | 9.72 |
| Fine Arts - Other | 0 | 1 | 0 | 1 | 10 | 120 | 120.00 | 1 | 1 | 0.77 | 10.00 |
| Fine Arts - Painting and Sculpture | 0 | 1 | 0 | 0 | 10 | 66 | 66.00 | 0 | 1 | 4.31 | 7.00 |
| Geography | 0 | 1 | 0 | 0 | 10 | 43 | 43.00 | 0 | 1 | 33.33 | 35.00 |
| Literature - American | 0 | 1 | 0 | 0 | 10 | 69 | 69.00 | 0 | 0 | 4.39 | 5.00 |
| Literature - European | 0 | 1 | 0 | 0 | 10 | 57 | 57.00 | 0 | 1 | 5.99 | 9.00 |
| History - European | 0 | 2 | 3 | 0 | 5 | 49 | 54.00 | 1 | 2 | 11.74 | 19.17 |
| Religion | 0 | 1 | 1 | 0 | 5 | 101 | 101.00 | 0 | 0 | 1.22 | 2.50 |
| Social Science | 0 | 1 | 2 | 0 | 0 | 61 | 61.00 | 1 | 1 | 4.45 | 10.00 |
| Other Academic | 0 | 0 | 1 | 0 | -5 | 0.00 | 0 | 0 | 0.00 | 0.00 |